| 000 | 00388pab a2200145 454500 | ||
|---|---|---|---|
| 008 | 180718b2004 xxu||||| |||| 00| 0 eng d | ||
| 100 | _aYishan, Xia | ||
| 245 | _aTrilateral coopertion in the energy resources sector between China, India, Russia | ||
| 260 | _c2004 | ||
| 300 | _ap.68-76. | ||
| 362 | _aOct-Dec | ||
| 650 | _aEnergy resources | ||
| 773 | _aWorld Affairs | ||
| 909 | _a64560 | ||
| 999 |
_c64560 _d64560 |
||